Заработная плата и предпринимательский доход

Bibliografske podrobnosti
Glavni avtor: Ракоти В. Д. Валентин Дмитриевич
Jezik:ruščina
Izdano: Москва, Финансы и статистика, 2001
Teme:
Format: Knjiga
KOHA link:https://koha.lib.tpu.ru/cgi-bin/koha/opac-detail.pl?biblionumber=25317

MARC

LEADER 00000nam0a2200000 4500
001 25317
005 20231030200857.0
010 |a 5279023442 
035 |a (RuTPU)RU\TPU\book\25553 
035 |a BOOK00025628 
090 |a 25317 
100 |a 20011209d2001 m y0rusy50 ca 
101 0 |a rus 
102 |a RU 
105 |a a z 000zy 
200 1 |a Заработная плата и предпринимательский доход  |f В. Д. Ракоти 
210 |a Москва  |c Финансы и статистика  |d 2001 
215 |a 224 с.  |c ил. 
610 1 |a экономика 
610 1 |a труд 
610 1 |a доходы 
610 1 |a заработная плата 
610 1 |a оплата труда 
686 |a У9(2)245  |v LBC/SL-A  |2 rubbk 
700 1 |a Ракоти  |b В. Д.  |g Валентин Дмитриевич 
801 0 |a RU  |b 63413507  |c 20011209  |g PSBO 
801 2 |a RU  |b 63413507  |c 20180601  |g PSBO 
942 |c BK